Biochemistry fundamentals and applications (Record no. 17285)

000 -LEADER
fixed length control field 00356nam a22001457a 4500
003 - CONTROL NUMBER IDENTIFIER
control field NUST
008 - FIXED-LENGTH DATA ELEMENTS--GENERAL INFORMATION
fixed length control field 150812t xxu||||| |||| 00| 0 eng d
020 ## - INTERNATIONAL STANDARD BOOK NUMBER
International Standard Book Number 81-7754-395-4
038 ## - RECORD CONTENT LICENSOR
Staff Name ASAB
082 ## - DEWEY DECIMAL CLASSIFICATION NUMBER
Classification number 574.19
100 ## - MAIN ENTRY--PERSONAL NAME
Personal name S.S. Purohit
9 (RLIN) 1015
245 ## - TITLE STATEMENT
Title Biochemistry fundamentals and applications
Statement of responsibility, etc. by S.S. Purohit
300 ## - PHYSICAL DESCRIPTION
Extent 751 P
942 ## - ADDED ENTRY ELEMENTS (KOHA)
Source of classification or shelving scheme
Koha item type Book
Holdings
Withdrawn status Lost status Source of classification or shelving scheme Damaged status Not for loan Collection code Permanent Location Current Location Date acquired Total Checkouts Total Renewals Full call number Barcode Date last seen Date last checked out Price effective from Koha item type
            Central Library (CL) Central Library (CL) 08/12/2015 1 1 574.19 PUR ASAB1680 02/08/2023 12/04/2020 08/12/2015 Book
© 2023 Central Library, National University of Sciences and Technology. All Rights Reserved.